Normal view
MARC view
- Betrayal
Entry Topical Term
001 - CONTROL NUMBER
- control field: 85513
003 - CONTROL NUMBER IDENTIFIER
- control field: NUST
005 - DATE AND TIME OF LATEST TRANSACTION
- control field: 20211202175835.0
008 - FIXED-LENGTH DATA ELEMENTS
- fixed length control field: 211202|| aca||aabn | a|a d
040 ## - CATALOGING SOURCE
- Original cataloging agency: NUST
- Transcribing agency: NUST
150 ## - HEADING--TOPICAL TERM
- Topical term or geographic name entry element: Betrayal
- Form subdivision: Comic books, strips, etc
670 ## - SOURCE DATA FOUND
- Source citation: Work cat.: (NUST)33044: Hosseini, Khaled. 85510, The kite runner graphic novel /, 2011.
